000
00240nam a2200109 4500
082
_a
510ARO
100
_a
Arora, P.N
245
_a
CA Foundation Course Mathematics
260
_a
India:
_b
S.Chand & Co,
_c
1998.
300
_a
801p. ;
942
_c
BK
999
_c
9020
_d
9020